000 00731nam a2200217 a 4500
999 _c6279
_d6279
001 6279
003 BD-JhCC
005 20180310181249.0
008 180118s1988 bg |||| ||a| 000 0 ben d
035 _a(BD-JhCC)6279
040 _aBD-JhCC
_dBD-JhCC
041 _aben
082 _a297.63
_bKAT 1988
245 _aখতমে নবূওয়ত /
_cমুহাম্মদ সিরাজুল হক অনূদিত
260 _aঢাকা :
_bইসলামিক ফাউন্ডেশন বাংলাদেশ,
_c১৯৮৮.
300 _a487 p. :
_c21 cm.
650 _aProphet
700 _aহক, মুহাম্মদ সিরাজুল অনূদিত
942 _2ddc
_cBK